000 00416pab a2200145 454500
008 180718b1985 xxu||||| |||| 00| 0 eng d
100 _aHobaday, Michael
245 _aThe impact of microelectronics on developing countries
_bThe case of Brazilian telecommunications
260 _c1985
300 _a313-40
362 _aApr.
650 _aCommunications - Brazil
773 _aDevelopment and Change
909 _a6195
999 _c6195
_d6195